<?xml version="1.0" encoding="UTF-8"?>
<collection xmlns="http://www.loc.gov/MARC21/slim">
  <record>
    <leader>00000nam  2200000   4500</leader>
    <controlfield tag="001">INLIS000000000015691</controlfield>
    <controlfield tag="005">20230816115606</controlfield>
    <datafield tag="035" ind1="#" ind2="#">
      <subfield code="a">0010-0823000017</subfield>
    </datafield>
    <controlfield tag="007">ta</controlfield>
    <controlfield tag="008">230816################|##########|#|##</controlfield>
    <datafield tag="100" ind1=" " ind2="#">
      <subfield code="a">Yudia Ramli</subfield>
    </datafield>
    <datafield tag="245" ind1="1" ind2="#">
      <subfield code="a">Strategi Peningkatan Penanganan Perkara Kode Etik Penyelenggara Pemilu /</subfield>
      <subfield code="c">Yudia Ramli</subfield>
    </datafield>
    <datafield tag="250" ind1="#" ind2="#">
      <subfield code="a">1</subfield>
    </datafield>
    <datafield tag="260" ind1="#" ind2="#">
      <subfield code="a">Jakarta :</subfield>
      <subfield code="b">Pusbangkom Pimnas dan Manajerial ASN,</subfield>
      <subfield code="c">2022</subfield>
    </datafield>
    <datafield tag="300" ind1="#" ind2="#">
      <subfield code="a">91 halaman :</subfield>
      <subfield code="b">ilus ;</subfield>
      <subfield code="c">30 cm</subfield>
    </datafield>
    <datafield tag="084" ind1="#" ind2="#">
      <subfield code="a">R 010 PIM II 2022</subfield>
    </datafield>
    <datafield tag="520" ind1="#" ind2="#">
      <subfield code="a">Proyek Perubahan ini bukan menciptakan SIETIK yang baru, akan tetapi mengaplikasikannya dengan 10 (sepuluh) target dan capaian berlandaskan teori, pembelajaran (learning lesson) tentang organisasi dan kepemimpinnan, strategi komunikasi, pemetaan stakeholders (internal dan eksternal), dan SWOT analysis sebagai daya ukur kendala, resiko, solusi, analisa keberhasilan, dan pengembangan. Kunci sukses Proyek Perubahan karena adanya Tim efektif, payung hukum atau regulasi yang melandasi, pelaksanaan bimbingan teknis, dan berbagai sosilaisasi maupun publikasi melalui media resmi DKPP dan media social.</subfield>
    </datafield>
    <datafield tag="650" ind1="#" ind2="4">
      <subfield code="a">Pemilu</subfield>
    </datafield>
    <datafield tag="990" ind1="#" ind2="#">
      <subfield code="a">010</subfield>
    </datafield>
  </record>
</collection>
